Music Quiz

Random Music or The Beatles Quiz

Figure Out the Lyrics (Beatles 14) Quiz Stats

 Plays Quiz Updated May 2, 2017

Score 0/161 Timer 10:00
26 Plays Today
% Correct
I
97.7%
a
96.7%
a
96.7%
a
96.7%
a
96.7%
a
96.7%
a
96.6%
a
96.6%
a
96.6%
the
94.7%
the
94.7%
the
94.6%
the
94.6%
the
94.6%
the
94.5%
we
87.9%
we
87.9%
we
87.9%
We
87.9%
We
87.9%
We
87.9%
We
87.9%
we
87.9%
we
87.9%
We
87.9%
We
87.9%
In
86%
in
86%
in
86%
in
86%
in
86%
in
86%
in
86%
in
85.9%
in
85.9%
in
85.9%
and
85.7%
and
85.7%
And
85.7%
and
85.7%
and
85.7%
he
85.6%
to
85.6%
to
85.1%
to
85.1%
all
81.6%
all
81.6%
all
81.6%
all
81.6%
all
81.6%
all
81.6%
all
81.6%
all
81.6%
live
79.5%
% Correct
live
79.5%
live
79.5%
live
79.5%
live
79.5%
live
79.5%
live
79.5%
live
79.5%
submarine.
78.2%
submarine,
78.2%
submarine,
78.2%
submarine.
78.2%
submarine,
78.2%
submarine,
78.2%
submarine.
78.2%
submarine,
78.2%
submarine,
78.2%
submarine.
78.2%
submarine,
78.2%
submarine,
78.2%
submarine.
78.2%
submarine (submarine HAHA!).
78.2%
submarine,
78.2%
submarine,
78.2%
submarine,
78.2%
submarine,
78.2%
submarine.
78.2%
submarine.
78.2%
yellow
78.2%
yellow
78.2%
yellow
78.2%
yellow
78.2%
yellow
78.2%
yellow
78.2%
yellow
78.2%
yellow
78.2%
yellow
78.2%
yellow
78.2%
yellow
78.2%
yellow
78.2%
yellow
78.2%
yellow (in our yellow)
78.2%
yellow
78.2%
yellow
78.2%
yellow
78.2%
yellow
78.2%
yellow
78.2%
yellow
78.2%
of
77.8%
of
77.8%
of
77.8%
of
77.8%
of
77.8%
of
77.8%
of
77.8%
% Correct
of
77.8%
was
76.9%
where
76.4%
who
74.4%
sea
73.7%
sea,
73.7%
sea
73.7%
man
73.5%
born
71.1%
lived
69%
lived
68.9%
us
68.6%
us (every one of us)
68.6%
town
68%
life
67%
life
67%
are
66.2%
So
66.1%
our
66.1%
our
66.1%
our
66.1%
sailed
66.1%
sailed
66.1%
his
64.9%
told
62.7%
land
62.6%
green,
60.1%
green (sea of green)
60.1%
one
55.8%
them
54.7%
friends
52.1%
every
51.6%
blue (sky of blue)
51.3%
need (has all we need).
51.3%
has
49.6%
waves,
49.3%
Sky
49.2%
beneath
48.9%
aboard.
47.7%
more
47.5%
door,
47.5%
next
47.5%
Many
45.7%
play.
45.6%
sun
45.5%
submarines.
45.2%
band
44.4%
begins
43.1%
up
42.2%
ease (a life of ease),
41%
found
40.2%
As
39.7%
till
36.3%

You're not logged in!

Compare scores with friends on all Sporcle quizzes.
OR
Log In

Sporcle TV

Today on Sporcle TV


Watch our educational content, quiz creation guides, and fun videos on Sporcle TV.

Show Comments

Extras

Top Quizzes Today


Score Distribution

Your Account Isn't Verified!

In order to create a playlist on Sporcle, you need to verify the email address you used during registration. Go to your Sporcle Settings to finish the process.

Report this User

Report this user for behavior that violates our Community Guidelines.

Details: